000 00444nam a22001817a 4500
003 MPLRDC
005 20220104143311.0
008 210129b ||||| |||| 00| 0 eng d
020 _a967-67-0172-6
082 _a524.961 LFS 1984 c.3*
100 _a廖富山编
245 _a中学华文指引
_c
250 _a再版
260 _a
_bPUSTAKA DELTA PELAJARAN S/B
_c1984
300 _b
650 _a
942 _cBK
_o524.961 LFS 1984 c.3*
999 _c38570
_d38560